[Event "EU-ch 3rd"]
[Site "Batumi"]
[Date "2002.06.15"]
[Round "4"]
[White "Jakovenko, Dmitrij"]
[Black "Baklan, Vladimir"]
[Result "1-0"]
[WhiteElo "2557"]
[BlackElo "2618"]
[Annotator "Hecht,H"]
[PlyCount "134"]
[EventDate "2002.06.12"]
[EventType "swiss"]
[EventRounds "13"]
[EventCountry "GEO"]
[SourceTitle "CBM 090"]
[Source "ChessBase"]
[SourceDate "2002.09.20"]
[SourceVersion "1"]
[SourceVersionDate "2002.09.20"]
[SourceQuality "1"]

1. e4 c5 2. Nf3 d6 3. d4 cxd4 4. Nxd4 Nf6 5. Nc3 Nc6 6. Bg5 e6 7. Qd2 a6 8.
O-O-O Bd7 9. f4 b5 10. Nxc6 Bxc6 11. Bd3 b4 12. e5 Qa5 13. exf6 bxc3 14. Qxc3
Qxc3 15. bxc3 Bxg2 16. Rhg1 Bc6 17. f5 g6 18. fxe6 fxe6 19. h4 Kf7 20. h5 d5
21. Rdf1 Bb5 22. Bf4 Bxd3 23. cxd3 Rd8 24. d4 Bd6 25. Be5 Bxe5 26. dxe5 d4 27.
c4 Rc8 28. Kd2 Rxc4 29. Rb1 Rc7 30. Kd3 Rg8 31. hxg6+ Rxg6 32. Rxg6 Kxg6 {
[#] Der mobile weiße König, der bis zum Ende der Partie drei schwarze Bauern
nimmt (d4,h4,a6) und keinen eigenen abgibt.} 33. Ke4 h5 34. Rg1+ Kh6 35. Kxd4
h4 36. Rg8 Kh5 37. Ke4 Rc4+ 38. Kf3 Rc3+ 39. Kg2 Rc2+ 40. Kh3 Rc3+ 41. Kh2 Rc2+
42. Rg2 Rc7 43. Rf2 Kg6 (43... Rf7 44. Kh3 Kg5 45. a3 a5 46. a4 Rf8 $6 (46...
Kh5 $5 47. Rf4 Kg5 48. Rxh4 Kf5 49. Rh5+ Kf4 {mit aktivem schwarzen König}) 47.
f7 Kg6 48. Kxh4 Rxf7 49. Rxf7 Kxf7 50. Kh5 $18) 44. Kh3 Kf7 45. Rg2 Rc3+ 46.
Kxh4 Re3 47. Rg7+ Kf8 48. Rg5 Re1 49. Kh5 Kf7 50. Rg7+ Kf8 51. Rc7 Rh1+ 52. Kg5
Rg1+ 53. Kh4 Rh1+ 54. Kg3 Re1 55. Rc5 Re4 56. Ra5 Kf7 57. Kf3 Re1 58. Kf4 Rf1+
59. Ke4 Re1+ 60. Kd4 Rd1+ 61. Kc5 Kg6 62. Kb6 Rb1+ 63. Kxa6 Rb2 64. Ka7 Kf7 65.
Ka8 {[%csl Ra6,Rh4][%cal Gh2h3,Gh3h5,Gh5g5,Gg5h4,Gh4g3,Gg3f3,Gf3f4,Gf4e4,Ge4d4,
Gd4c5,Gc5b6,Gb6a6,Ga6a7,Ga7a8] K-Wanderung seit Zug 44} Kf8 66. Ra6 Kf7 67.
Ra7+ Kf8 1-0

[Event "Lee Cup 4th"]
[Site "Beijing"]
[Date "1997.08.24"]
[Round "2"]
[White "Li, Shilong"]
[Black "Yakovich, Yuri"]
[Result "1-0"]
[WhiteElo "2335"]
[BlackElo "2610"]
[Annotator "Hecht,H"]
[PlyCount "139"]
[EventDate "1997.08.23"]
[EventType "swiss"]
[EventRounds "11"]
[EventCountry "CHN"]
[SourceTitle "CBM 061"]
[Source "ChessBase"]
[SourceDate "1997.11.23"]
[SourceVersion "1"]
[SourceVersionDate "1997.11.23"]
[SourceQuality "1"]

1. e4 c5 2. Nf3 Nc6 3. d4 cxd4 4. Nxd4 Nf6 5. Nc3 d6 6. Bg5 e6 7. Qd2 a6 8.
O-O-O Bd7 9. f4 b5 10. Bxf6 gxf6 11. Kb1 Qb6 12. Nxc6 Bxc6 13. Re1 Be7 14. f5
h5 15. g3 Qc5 16. fxe6 fxe6 17. Bh3 Bd7 18. Ne2 Qe5 19. Nf4 Rg8 20. Rhf1 Rc8
21. Qe2 Rg5 22. Qf2 Rc4 23. b3 Rc8 24. Re3 a5 25. Rd1 a4 26. Nd3 Qd4 27. Nb2
Qa7 28. Rf3 Qxf2 29. Rxf2 h4 30. gxh4 Rh5 31. Rf4 Kf7 32. Bg4 Rhc5 33. Rd2 Rh8
34. Nd3 Rc7 35. h5 e5 36. Bxd7 exf4 37. Bg4 f5 38. Bxf5 Rxh5 39. Nxf4 Rg5 40.
Rd1 Rc6 41. h4 Rg3 42. Bd7 Rc5 43. Rf1 Kg8 44. Be6+ Kh7 45. Nd5 Bd8 46. b4 Rc4
47. Nf6+ Bxf6 48. Bxc4 Bc3 49. Bd3 Bxb4 50. e5+ Kg7 51. e6 a3 52. Bxb5 Re3 53.
Bc4 Bc3 54. Rg1+ Kh6 55. Kc1 Re4 56. Bd5 Re5 57. Rd1 Bb2+ 58. Kb1 Bc3 59. Kc1
Bb2+ 60. Kb1 Bc3 61. Bb3 Kh5 62. Rd5 Rxd5 63. Bxd5 Bf6 {[#] Due to the fact
that Black is tied down by the pawn on e6, White can win the pawn on a3. The
large interval between the passed pawns guarantees the victory. Simple
technique. [#] Wegen der Bindung des schwarzen Läufers an den Be6 kann Weiß
den Ba3 erobern. Der große Abstand zwischen den Freibauern verbürgt den Gewinn.
Einfache Technik..} 64. c4 Bxh4 65. Kc2 Kg6 66. Kb3 Kf6 67. Kxa3 Ke7 68. Kb4
Kd8 69. Kb5 Kc7 70. a4 (70. a4 Bg5 71. a5 Bf6 72. a6 Kb8 73. Kc6 $18) 1-0

[Event "EU-chT (Men) 11th"]
[Site "Pula"]
[Date "1997.05.??"]
[Round "7.2"]
[White "Lanka, Zigurds"]
[Black "Kozul, Zdenko"]
[Result "1/2-1/2"]
[WhiteElo "2575"]
[BlackElo "2590"]
[Annotator "Hecht,H"]
[PlyCount "156"]
[EventDate "1997.05.05"]
[EventType "team-swiss"]
[EventRounds "9"]
[EventCountry "CRO"]
[SourceTitle "CBM 057 Extra"]
[Source "ChessBase"]
[SourceDate "1997.05.01"]
[SourceVersion "1"]
[SourceVersionDate "1997.05.01"]
[SourceQuality "1"]
[WhiteTeam "Latvia"]
[BlackTeam "Croatia"]
[WhiteTeamCountry "LAT"]
[BlackTeamCountry "CRO"]

1. e4 c5 2. Nf3 Nc6 3. d4 cxd4 4. Nxd4 Nf6 5. Nc3 d6 6. Bg5 e6 7. Qd2 a6 8.
O-O-O Bd7 9. f3 Be7 10. h4 Rc8 11. Kb1 h5 12. Nxc6 Rxc6 13. g3 b5 14. Bg2 b4
15. Ne2 a5 16. Nf4 Qb6 17. Rhe1 Rc7 18. Bh3 a4 19. Qe3 Qa5 20. e5 dxe5 21. Qxe5
Qxe5 22. Rxe5 Bc6 23. Rd3 Nd7 24. Ra5 Bxg5 25. Rxg5 g6 26. a3 bxa3 27. Rxa3 Rb7
28. Rc3 Rb6 29. Ne2 Ke7 30. Nd4 Bb7 31. Ra5 e5 32. Re3 Rd6 33. Bxd7 Kxd7 34.
Ne2 Rd1+ 35. Nc1 f6 36. Rxa4 Ra8 37. Rb4 Bc6 38. b3 Rf1 39. f4 Ra5 40. Kb2 exf4
41. gxf4 Rh1 42. Ne2 Rxh4 43. Nc3 g5 44. Rd4+ Kc8 45. Rc4 Ra6 46. Nd5 Kd7 47.
Nxf6+ Kd6 48. Rd4+ Kc5 49. Rd8 gxf4 50. Re5+ Kb6 51. Nxh5 Ra5 52. Rb8+ Kc7 53.
Rxa5 Kxb8 {[#] Thema: Freibauern} 54. Rf5 f3 55. Nf4 Be4 56. Rf8+ Ka7 57. Kc3
Rh2 58. Nd3 Re2 59. Rf6 Kb8 60. b4 Kc7 61. b5 (61. Kd4 $5 {mit den Ideen c4
und evtl. Tf4 bzw. Sd3-f4-d5 Das Vorprellen des b-Bauern wirkt ungesund und
widerspricht dem Grundsatz: "Alle Steine beianderderhalten und das Ganze
voran" (frei nach Nimzowitsch).}) 61... Kd8 62. b6 Ke7 63. Rf4 Bxd3 64. cxd3
Re6 65. b7 Rb6 66. Rb4 Rxb4 67. Kxb4 f2 68. b8=Q f1=Q $11 {der sK ist am bzw.
vor dem weißen Freibauern} 69. Qe5+ Kd7 70. Qb5+ Kc7 71. Qc5+ Kd7 72. Qd5+ Kc7
73. Kc5 Qf2+ 74. Qd4 Qxd4+ 75. Kxd4 Kd6 76. Ke4 Ke6 77. d4 Kd6 78. d5 Kd7
1/2-1/2

[Event "Groningen Harmonie"]
[Site "Groningen"]
[Date "2002.12.23"]
[Round "3"]
[White "Baramidze, David"]
[Black "Werle, Jan"]
[Result "0-1"]
[WhiteElo "2390"]
[BlackElo "2434"]
[Annotator "Hecht,H"]
[PlyCount "96"]
[EventDate "2002.12.21"]
[EventType "tourn"]
[EventRounds "9"]
[EventCountry "NED"]
[EventCategory "10"]
[SourceTitle "CBM 093"]
[Source "ChessBase"]
[SourceDate "2003.04.01"]
[SourceVersion "1"]
[SourceVersionDate "2003.04.01"]
[SourceQuality "1"]

1. e4 c5 2. Nf3 d6 3. d4 cxd4 4. Nxd4 Nf6 5. Nc3 Nc6 6. Bg5 e6 7. Qd2 a6 8.
O-O-O Bd7 9. f3 Rc8 10. Kb1 Be7 11. h4 Na5 12. Be3 h5 13. Nb3 Nxb3 14. axb3 Bc6
15. Qf2 Qc7 16. Qg3 b5 17. Bd3 b4 18. Na2 a5 19. Qxg7 Rg8 20. Qh6 Rg6 21. Qf4
Rxg2 22. Rhg1 Rxg1 23. Rxg1 Qb7 24. Qh6 Bb5 25. Nc1 a4 26. bxa4 Bxd3 27. cxd3
Qc6 28. Rg2 Qxa4 29. Bg5 Nd7 30. Bxe7 Kxe7 31. Qg5+ Nf6 32. d4 Rg8 33. Qd2 Ra8
34. b3 Qa1+ 35. Kc2 Rc8+ 36. Kd1 Rc3 37. Rf2 Rxb3 38. d5 e5 39. Qa2 Qd4+ 40.
Qd2 Qxd2+ 41. Kxd2 Rb2+ 42. Ke3 Rxf2 43. Kxf2 {Realisieren eines Mehrfreibauern
} Nd7 44. Ke3 (44. f4 Nc5 45. fxe5 b3 46. exd6+ Kxd6 47. Ne2 b2 48. Nc3 Ke5 49.
Ke3 Nxe4 50. Nb1 Kxd5 $19) 44... Nf8 45. Ne2 (45. Kf2 Ng6 46. Kg3 Kd7 47. Nd3
b3 48. Nb2 Kc7 49. Nc4 Kb8 $19 {[%cal Rb8a7,Ra7a6,Ra6b5]}) 45... Ng6 46. Ng3
Nxh4 47. Nxh5 Nxf3 $1 48. Ng3 Nd4 0-1

[Event "EU-ch 10th"]
[Site "Budva"]
[Date "2009.03.09"]
[Round "4"]
[White "Inarkiev, Ernesto"]
[Black "Kozul, Zdenko"]
[Result "1-0"]
[WhiteElo "2675"]
[BlackElo "2594"]
[Annotator "Inarkiev,E"]
[PlyCount "63"]
[EventDate "2009.03.06"]
[EventType "swiss"]
[EventRounds "11"]
[EventCountry "MNE"]
[SourceTitle "CBM 130"]
[Source "ChessBase"]
[SourceDate "2009.05.20"]
[SourceVersion "1"]
[SourceVersionDate "2009.05.20"]
[SourceQuality "1"]

{The following game took place in the fourth round, we both had 3 out of 3.
Zdenko Kozul is a famous expert in the Rauzer, a varation he has played for
many years. Usually, it's not the best idea, to search for happiness on your
opponent's territory, but sharp play, which generally occurs in the Rauzer was
exactly what I wanted.} 1. e4 c5 2. Nf3 d6 3. d4 cxd4 4. Nxd4 Nf6 5. Nc3 Nc6 6.
Bg5 e6 7. Qd2 a6 8. O-O-O Bd7 9. f3 Qc7 {More popular is 9...Be7.} 10. Kb1 {
A typical useful move.} Be7 11. Be3 {Preparing the advance of the kingside
pawns.} ({On the immediate} 11. g4 {Black has the quite unpleasant} h5 $1) ({
And if} 11. h4 {then Black can stop White's pawns with the typical} h6 12. Be3
h5) 11... Rc8 {Here there are often transpositions, because the ideas of both
sides are quite typical. But the order of realisation of these can vary.
Exactly in this position the move 11...Rc8 was played only once before, of
course in a Kozul game.} 12. g4 Ne5 13. h4 $1 $146 {In this position it's a
novelty, and I like this move more than others. Perhaps, this is the most
difficult move in the game.} ({What actually happened in that Kozul game} 13.
g5 Nh5 14. f4 Nc4 15. Bxc4 Qxc4 16. f5 {looks to be very tempting, but if the
attack does not win immediately, then Black has real chances for counterattack.
The e4-pawn is weak and the knight on h5 seriously limits the attacking
possibilities of White.} b5 $1 17. Rhf1 b4 18. fxe6 fxe6 19. Nce2 g6 $13 {
Bruzon Lazaro 2607 - Kozul Zdenko 2609 , Khanty Mansyisk 26.11.2007 Cup World 
(active)}) 13... b5 ({Black can't castle yet} 13... O-O 14. h5 $16 {; it's
obvious that in those attacks White will be first.}) 14. Bd3 ({White has to
play accurately. It's not possible to save the bishops and just move all the
pieces out of attacks} 14. Qg2 $2 b4 15. Nce2 Nc4 16. Bc1 e5 $17 17. Nf5 Na3+
$19) 14... Nc4 ({Still it's not good to castle} 14... O-O {because of} 15. h5
$16) ({Generally, the attempt to open the centre is quite principled} 14... b4
15. Nce2 d5 {but now it leads to an advantage for White.} 16. g5 dxe4 17. Bxa6
Nd5 18. fxe4 $1 ({The move} 18. Bxc8 $2 {is premature:} Qxc8 $13) 18... Nxe3
19. Bxc8 Nxd1 ({or} 19... N3c4 20. Bxd7+ Qxd7 21. Qf4 $18) 20. Bxd7+ Qxd7 21.
Rxd1 {Black can't castle} Qb7 ({if} 21... O-O $2 {then} 22. Nf5 $16) 22. Qf4
Nc4 23. e5 $16) 15. Bxc4 Qxc4 ({Interesting is} 15... bxc4 {but it's quite
strange, first build the battery on the c-file and then calmly close it.}) 16.
Nce2 {White wants to prepare g5 by placing the knight on g3.} ({If immediately
} 16. g5 {then obviously} Nh5) ({Interestingly, also} 16. h5 $5 h6 17. g5 {
opens the lines} hxg5 18. Bxg5) {Here my opponent fell into deep thought.
Black really has to make a difficult choice. Castling is suicidal - White will
get in first,. Advancing the pawns on the queenside is too slow, but White has
easy play - Ng3, g5.} 16... e5 $1 {Black changes the nature of play.} ({
It's not possible to protect the f5-square firstly} 16... g6 $2 17. Ng3 e5 18.
g5 $16) 17. Nf5 Bxf5 18. exf5 (18. gxf5 $2 {is just weak:} d5 $1 $13 {and
already Black has the initiative} 19. exd5 Rd8) 18... d5 $2 {A logical move,
but a big mistake} ({Still, it's not good to castle} 18... O-O $2 19. g5 $1 Nd5
({if} 19... Nh5 {then} 20. Nc3 $16) 20. f6 $1 {and Black loses material} gxf6
21. gxf6 Bxf6 ({or} 21... Nxf6 22. Bh6 $18) 22. Bh6 $18 Nb4 23. Rhg1+ Kh8 24.
b3 $1 Qxc2+ {and even the exchange of queens can't help} 25. Qxc2 Nxc2 26. Rxd6
) ({But Black could move the N from attack with tempo} 18... Nd5 $1 19. c3 ({
Simplifications would follow} 19. Qxd5 Qxe2 $1 ({Black shoudn't be greedy} 
19... Qxc2+ $2 20. Ka1 Qxe2 21. Qb7 $18) 20. Qe4 Qc4 $13 {Without the knights,
the weakness of the d5-square is not important.}) ({The tempo becomes very
important after} 19. Bf2 {suddenly,Black can castle!} O-O $1 20. g5 ({Probably,
it's time for White to play more solidly} 20. c3 b4 $1 21. Qxd5 Qxe2 22. Rd2
Qc4 $13) 20... Nb4 $1 21. Nc3 d5 {and it's already White, who has to equalize}
22. f6 Bd6 $1 23. fxg7 Rfd8 $13) 19... Nxe3 ({Weak is} 19... O-O $2 20. Bg5 $1
Nf6 21. Ng3 $16) 20. Qxe3 O-O 21. g5 ({White can't take control over the
d5-square} 21. Qe4 Rfd8 22. Rd5 Rc5 $13 {(xh4).}) 21... Rfd8 $13 {With chances
for both sides.}) 19. Bg5 $6 {This move is not bad, and gives an advantage to
White, but there's a way to destroy Black's position immediately.} ({After} 19.
g5 $1 Nh5 ({if} 19... Nd7 {then simply} 20. c3 $16 {and Black loses the
d5-pawn.}) {White can add} 20. f4 {and Black can't save the centre.} {The
relatively principled move for Black is} d4 ({If} 20... e4 {then} 21. Nc3 $16)
({Probably the best for Black is} 20... exf4 21. Nxf4 Nxf4 22. Bxf4 $16 {
with big advantage for White.}) {but it has a few refutations. The most direct
is} 21. fxe5 $1 dxe3 22. Qd7+ Kf8 23. f6 $40 {with a decisive attack.}) 19...
O-O {Anyway Black can't control the white squares.} 20. Bxf6 $1 gxf6 $2 {
In order to avoid passive defence, Black dramatically weakens the position of
the king.} ({More persistent is} 20... Bxf6 21. Nc3 {and} d4 {is necessary} ({
Black can't protect the pawn on d5} 21... Rfd8 $2 22. g5 Be7 23. Nxd5 $16 Kh8
24. Qc3) 22. Ne4 Be7 $16 {It's obvious that White has the advantage, but it's
not simple to organize a direct attack.} 23. g5 f6 $1) 21. g5 {Opens lines
immediately, and creates possibilities for different manoeuvres by the pieces.
After this accurate move, it's hard for Black to organize the defence.} ({
It is tempting to manoeuvre the N to h5, and let Black to build up his defence.
} 21. Ng3 $6 Kh8 $1 22. Nh5 Rg8 $14) 21... Rfd8 ({Black can't stop the opening
of lines around the king.} 21... Kh8 22. g6 $1 $16) 22. Rhg1 Kf8 ({On} 22...
Kh8 23. g6 $1 $40 {is still strong.}) 23. Rg4 $1 {White should prepare his
attack; there's no need to hurry, because Black has no counterplay.} ({Less
accurate is} 23. g6 $6 fxg6 24. fxg6 hxg6 25. Rxg6 ({Or} 25. Qh6+ Ke8 26. Qxg6+
Kd7) 25... Kf7 $16 {of course White is better, but Black gets more chances.})
23... e4 $5 {Black tries to complicate the game} ({After} 23... Qc6 24. Ng3 $40
{(/\Nh5) it's hard to stop White's attack.}) (23... d4 {just gives White new
squares:} 24. Ng3 $40) 24. g6 $1 ({The careless} 24. Ng3 $2 {loses all the
advantage} e3 $1 25. Rxc4 exd2 26. Rxc8 Rxc8 27. Rxd2 fxg5 28. hxg5 Bxg5 29.
Rxd5 $13) 24... hxg6 25. fxg6 e3 $1 ({Just bad is} 25... fxg6 $2 26. Qh6+ Ke8
27. Nd4 Kd7 28. fxe4 $18) 26. g7+ $1 ({Weaker is} 26. Rxc4 $6 exd2 27. Rxc8
Rxc8 28. gxf7 Kxf7 29. Rxd2 Rh8 $16 {White has an advantage, but it's far from
decisive.}) 26... Kg8 27. Rxc4 exd2 28. Rxc8 Rxc8 29. Rxd2 {Black has avoided
the attack, but the endgame is very hard.} Rc4 $2 {A time trouble mistake,
which speeds up the end.} ({The only way to fight is the very deep} 29... Re8
$1) 30. Nd4 f5 $2 {Losing immediately, but there's already no way to save the
game.} ({After the best} 30... Kxg7 {White has a nice way to end the game.} 31.
Nf5+ $1 Kf8 32. Rxd5 Rf4 33. h5 Rxf3 34. a4 $1 bxa4 35. h6 $1 {(/\Ne7, Rh5).}
Rh3 {Necessary.} 36. Rd7 $18 {And Black can't move the bishop, because of mate.
}) 31. Nxf5 Bf6 32. Rg2 {Black resigned.} 1-0